[Event "29th Czech Open A 2018"]
[Site "Pardubice CZE"]
[Date "2018.07.21"]
[Round "2.98"]
[White "Hoefelsauer, Thomas"]
[Black "Bulockin, Martin"]
[Result "0-1"]
[WhiteTitle "FM"]
[WhiteElo "2361"]
[BlackElo "2154"]
[WhiteFideId "24668842"]
[BlackFideId "371610"]
[EventDate "2018.07.20"]

1. Nf3 c5 2. c4 Nc6 3. Nc3 g6 4. g3 Bg7 5. Bg2 e5 6. O-O d6 7. Ne1 Be6 8. d3
Nge7 9. Nc2 d5 10. cxd5 Nxd5 11. Ne3 Nde7 12. Nc4 O-O 13. Bg5 Qc7 14. Ne4 h6 15.
Bd2 b6 16. Rc1 Rad8 17. a3 f5 18. Nc3 Qd7 19. Qa4 Nd4 20. Qxd7 Rxd7 21. Be3 Nb3
22. Rcd1 Rfd8 23. Nd2 Nxd2 24. Rxd2 e4 25. Re1 Kf7 26. Bf1 c4 27. d4 Bxd4 28.
Bxd4 Rxd4 29. Rxd4 Rxd4 30. e3 Rd2 31. Re2 Rxe2 32. Bxe2 Nc6 33. f4 exf3 34.
Bxf3 Ne5 35. Be2 g5 36. Nb5 Ke7 37. Kf1 Bd7 38. Nc3 Bc6 39. Kf2 Be4 40. h4 gxh4
41. gxh4 Nd3+ 42. Bxd3 cxd3 43. Nb1 Ke6 44. Nd2 Ke5 45. Nc4+ Kd5 46. Nd2 b5 47.
Kg3 Ke5 48. Nf1 a5 49. Nd2 a4 50. Nf1 Bd5 51. Nd2 Bb3 52. Kf3 Bd1+ 53. Kg3 Bh5
54. Nb1 Ke4 55. Kf2 d2 56. Nxd2+ Kd3 57. Nf3 Bxf3 0-1

[Event "29th Czech Open A 2018"]
[Site "Pardubice CZE"]
[Date "2018.07.21"]
[Round "2.99"]
[White "Mencinger, Vojko"]
[Black "Kyrychenko, Maryan"]
[Result "1/2-1/2"]
[WhiteTitle "IM"]
[BlackTitle "FM"]
[WhiteElo "2342"]
[BlackElo "2152"]
[WhiteFideId "14600099"]
[BlackFideId "14137178"]
[EventDate "2018.07.20"]

1. d4 d5 2. Bf4 c5 3. e3 Nc6 4. c3 Nf6 5. Nd2 Bf5 6. Ngf3 e6 7. Be2 h6 8. O-O
Bd6 9. Bg3 O-O 10. Bb5 Bxg3 11. hxg3 Qb6 12. a4 a6 13. dxc5 Qxc5 14. Nb3 Qd6 15.
Be2 Rfc8 16. Nfd4 Bg6 17. a5 Ne5 18. Ra4 Nc4 19. Qc1 b5 20. axb6 Qxb6 21. Rb4
Qd6 22. Re1 Ne5 23. Qd2 Ne4 24. Qd1 Rxc3 25. Ra4 Rcc8 26. Qa1 Nc4 27. Rc1 Qb6
28. Bxc4 dxc4 29. Na5 c3 30. bxc3 Nc5 31. Rb4 Qd8 32. Ndc6 Qf6 33. Rf4 Qg5 34.
Rd1 Be4 35. Nb4 Rd8 36. Nbc6 Re8 37. Qa3 Rac8 38. Rd6 Bxc6 39. Rxc6 Rxc6 40.
Nxc6 Qd5 41. Nb4 Qd1+ 42. Kh2 e5 43. Rc4 Qh5+ 44. Rh4 Qe2 45. Qa2 Qxa2 46. Nxa2
Nd3 47. f3 Rb8 48. Ra4 Rb2 49. Rxa6 Ne1 50. Kh3 Nxg2 51. e4 h5 52. Nb4 Ne1 53.
f4 Nf3 54. Ra2 Rxa2 55. Nxa2 Nd2 56. fxe5 Nxe4 57. Kh4 g6 58. g4 hxg4 59. Kxg4
Kf8 1/2-1/2

[Event "29th Czech Open A 2018"]
[Site "Pardubice CZE"]
[Date "2018.07.21"]
[Round "2.100"]
[White "Gheng, Josef"]
[Black "Richterova, Natasa"]
[Result "1-0"]
[WhiteTitle "FM"]
[BlackTitle "WIM"]
[WhiteElo "2328"]
[BlackElo "2146"]
[WhiteFideId "4618041"]
[BlackFideId "350591"]
[EventDate "2018.07.20"]

1. c4 e5 2. g3 Nf6 3. Bg2 Bc5 4. a3 a5 5. e3 Nc6 6. Nc3 O-O 7. Nge2 Re8 8. O-O
d6 9. d4 exd4 10. exd4 Ba7 11. h3 h6 12. b3 Ne7 13. Nb5 d5 14. Nxa7 Rxa7 15. Re1
Bf5 16. Nc3 c6 17. c5 Ng6 18. Be3 Ne4 19. Nxe4 Bxe4 20. f3 Bf5 21. Qd2 b5 22.
Bf2 a4 23. Rxe8+ Qxe8 24. g4 Bc8 25. Re1 Qd8 26. b4 Re7 27. Bg3 Rxe1+ 28. Qxe1
Qe7 29. Qxe7 Nxe7 30. Bd6 Ng6 31. Kf2 f6 32. Kg3 Kf7 33. f4 Nf8 34. f5 Nh7 35.
Bf1 Ng5 36. Bd3 Bd7 37. h4 Ne4+ 38. Bxe4 dxe4 39. Kf4 e3 40. Kxe3 h5 41. gxh5
Bxf5 42. d5 cxd5 43. c6 Ke6 44. Bf4 Bg4 45. h6 gxh6 46. Kd4 h5 47. Kc5 Kf5 48.
Bc1 Ke4 49. Kxb5 f5 50. Bf4 Be2+ 51. Kb6 Kxf4 52. c7 d4 53. c8=Q d3 54. Qc1+ Kf3
55. Kc5 Ke4 56. Qg1 f4 57. b5 d2 58. Qd4+ Kf3 59. Qxd2 1-0

[Event "29th Czech Open A 2018"]
[Site "Pardubice CZE"]
[Date "2018.07.21"]
[Round "2.101"]
[White "Hoellmann, Ludger"]
[Black "Nyysti, Sampsa"]
[Result "0-1"]
[BlackTitle "IM"]
[WhiteElo "2145"]
[BlackElo "2314"]
[WhiteFideId "4606507"]
[BlackFideId "502138"]
[EventDate "2018.07.20"]

1. Nf3 Nf6 2. c4 b6 3. g3 c5 4. Bg2 Bb7 5. O-O e6 6. Nc3 d6 7. d4 cxd4 8. Qxd4
Be7 9. Bg5 h6 10. Bxf6 Bxf6 11. Qd2 O-O 12. Rfd1 Na6 13. Rac1 Nc5 14. Nd4 Bxg2
15. Kxg2 Qc7 16. f3 a6 17. b4 Nd7 18. Ne4 Be7 19. Nb3 Rfd8 20. Nxd6 Nc5 21. bxc5
bxc5 22. Qa5 Qxa5 23. Nxa5 Rxd6 24. Rxd6 Bxd6 25. Rd1 Be7 26. Rd7 Bf6 27. Nb7
Rc8 28. f4 Rc6 29. Kf3 Kf8 30. Na5 Rb6 31. Rc7 Rb2 32. a4 Ra2 33. Nc6 Ra3+ 34.
Ke4 g6 35. Rc8+ Kg7 36. Ne5 Be7 37. Rc7 f5# 0-1

[Event "29th Czech Open A 2018"]
[Site "Pardubice CZE"]
[Date "2018.07.21"]
[Round "2.102"]
[White "Michalczak, Thomas"]
[Black "Thrish, Karthik"]
[Result "0-1"]
[WhiteTitle "FM"]
[WhiteElo "2309"]
[BlackElo "2145"]
[WhiteFideId "4622634"]
[BlackFideId "46626433"]
[EventDate "2018.07.20"]

1. d4 Nf6 2. Nc3 d5 3. e4 dxe4 4. f3 exf3 5. Nxf3 e6 6. Bg5 Be7 7. Bd3 h6 8. Be3
Nc6 9. Qd2 Nb4 10. O-O-O Nbd5 11. Ne5 Nxc3 12. Qxc3 Nd5 13. Bb5+ Kf8 14. Qe1
Nxe3 15. Qf2 Bf6 16. Rd3 Nf5 17. g4 Qd5 18. gxf5 Qxh1+ 19. Rd1 Qe4 20. Bd3 Qh4
21. Qf3 Bxe5 22. dxe5 exf5 23. Bc4 Be6 24. Qxb7 Rd8 25. Qb4+ Kg8 26. Bd3 Qxb4 0-1

[Event "29th Czech Open A 2018"]
[Site "Pardubice CZE"]
[Date "2018.07.21"]
[Round "2.103"]
[White "Kopylov, Daniel"]
[Black "Cramling Bellon, Anna"]
[Result "1-0"]
[BlackTitle "WFM"]
[WhiteElo "2272"]
[BlackElo "2142"]
[WhiteFideId "12921971"]
[BlackFideId "32009232"]
[EventDate "2018.07.20"]

1. Nf3 c5 2. c4 Nc6 3. g3 e5 4. Nc3 d6 5. Bg2 g6 6. d3 Bg7 7. O-O Nge7 8. Rb1
O-O 9. Ne1 Be6 10. Nd5 Rb8 11. Nc2 b5 12. a3 bxc4 13. dxc4 Na5 14. Nce3 Nec6 15.
b4 Nd4 16. Qd3 Nac6 17. b5 Bxd5 18. Nxd5 e4 19. Qxe4 Ne5 20. e3 f5 21. exd4 fxe4
22. dxe5 Bxe5 23. Bxe4 Kg7 24. Bd2 Qd7 25. Kg2 h5 26. h3 Rbe8 27. Rbe1 Bd4 28.
Nf4 Rxe4 29. Rxe4 Re8 30. Rxe8 Qxe8 31. Re1 Qf7 32. Ne6+ Kg8 33. Re2 Qf5 34. Ng5
Bf6 35. Ne4 Be5 36. Bg5 Qf7 37. Nd2 Qf5 38. h4 Qd3 39. Re3 Qd4 40. a4 Kg7 41.
Nf3 Qxc4 42. Nxe5 dxe5 43. Rxe5 Qxa4 44. Rxc5 Qa5 45. Be3 Qd8 46. Kh2 Qb8 47.
Bf4 Qb6 48. Be3 Qb8 49. Kg1 Qd8 50. Bf4 Qa5 51. Be5+ Kg8 52. Bd4 Qd8 53. Be3 Kg7
54. Re5 Qd6 55. Rg5 Qa3 56. Kh2 Qe7 57. Rd5 Qb7 58. Rg5 Qe7 59. g4 hxg4 60. h5
Qd6+ 61. Kg2 Qd1 62. h6+ Kh7 63. Re5 Qf3+ 64. Kh2 Qf6 65. Rc5 Qd6+ 66. Kg2 Qe7
67. Rc4 Qd6 68. Kg1 Qe7 69. Rc1 Qf7 70. Ra1 Qf5 71. Rxa7+ Kh8 72. Bd4+ 1-0

[Event "29th Czech Open A 2018"]
[Site "Pardubice CZE"]
[Date "2018.07.21"]
[Round "2.104"]
[White "Lye, Lik Zang"]
[Black "Klecker, Tadeas"]
[Result "1-0"]
[WhiteElo "2270"]
[BlackElo "2138"]
[WhiteFideId "5712181"]
[BlackFideId "326950"]
[EventDate "2018.07.20"]

1. d4 Nf6 2. c4 e6 3. Nf3 Bb4+ 4. Nbd2 d5 5. Qa4+ Nc6 6. a3 Be7 7. e3 O-O 8. Bd3
Bd7 9. Qc2 a5 10. b3 g6 11. O-O Re8 12. Bb2 Bf8 13. Rad1 Bg7 14. Rfe1 Ne7 15. e4
dxe4 16. Nxe4 Nxe4 17. Bxe4 Qc8 18. Ne5 Nc6 19. Re3 Rd8 20. Red3 Be8 21. Qe2
Nxe5 22. dxe5 Rxd3 23. Qxd3 Bc6 24. Bxc6 bxc6 25. Bc1 Qb7 26. Qc3 c5 27. f3 Qc6
28. Bg5 a4 29. bxa4 Qxa4 30. Rd3 Rb8 31. Kf2 h5 32. Bf6 Bh6 33. Kg3 Kh7 34. Be7
Qc6 35. Qa5 Bg7 36. Re3 Bh6 37. Re2 Rb1 38. Qxc5 Qxc5 39. Bxc5 Rc1 40. Re4 Rc2
41. Bb4 Bc1 42. a4 Bd2 43. Be7 g5 44. Bd8 Kg6 45. Re2 Bf4+ 46. Kf2 Rxc4 47. g3
Bc1 48. Ra2 Rc3 49. a5 Kf5 50. Ke2 Re3+ 51. Kf2 Rc3 52. a6 Be3+ 53. Kg2 Ba7 54.
Ra4 Rc2+ 55. Kh3 Rc5 56. g4+ hxg4+ 57. Rxg4 Kxe5 58. Rxg5+ Kd6 59. Rxc5 Bxc5 60.
Kg4 Bd4 61. Bf6 Ba7 62. h4 e5 63. Kf5 1-0

[Event "29th Czech Open A 2018"]
[Site "Pardubice CZE"]
[Date "2018.07.21"]
[Round "2.105"]
[White "Jezbera, Jiri"]
[Black "Nazaryev, Sergey"]
[Result "0-1"]
[WhiteElo "2136"]
[BlackElo "2269"]
[WhiteFideId "329185"]
[BlackFideId "4114191"]
[EventDate "2018.07.20"]

1. e4 c6 2. d4 d5 3. e5 Bf5 4. c3 e6 5. Bd3 Bxd3 6. Qxd3 Qb6 7. Ne2 Qa6 8. Qc2
c5 9. O-O Nc6 10. a3 cxd4 11. cxd4 Nge7 12. b4 Nf5 13. Bb2 Be7 14. Rd1 O-O 15.
Nbc3 Qc4 16. Qd3 Qxd3 17. Rxd3 a5 18. b5 Na7 19. a4 Rfc8 20. g4 Nh4 21. f4 Rc4
22. Kf2 Nc8 23. Kg3 Nb6 24. Ba3 Bxa3 25. Rxa3 Ng6 26. f5 Nf8 27. Rd1 Rac8 28. h3
Rb4 29. Rda1 Nfd7 30. Kf3 Rc7 31. R3a2 Rcc4 32. Ra3 Rxd4 33. Nxd4 Rxd4 34. Ne2
Nxe5+ 35. Kg3 Re4 36. Nf4 Nbc4 37. Rb3 Nd7 38. Rc3 Nc5 39. Kf3 h6 40. Kg3 Rd4
41. Ne2 Rd2 42. Kf3 e5 43. Rxc4 Rd3+ 44. Kg2 dxc4 45. Rc1 b6 46. Rxc4 Kf8 0-1

[Event "29th Czech Open A 2018"]
[Site "Pardubice CZE"]
[Date "2018.07.21"]
[Round "2.106"]
[White "Dhulipalla, Bala Chandra Prasad"]
[Black "Roessler, Ulrike"]
[Result "1-0"]
[WhiteTitle "IM"]
[BlackTitle "WIM"]
[WhiteElo "2268"]
[BlackElo "2137"]
[WhiteFideId "25005812"]
[BlackFideId "4622650"]
[EventDate "2018.07.20"]

1. d4 d6 2. Bf4 Nf6 3. e3 g6 4. Nf3 Bg7 5. Be2 O-O 6. O-O c5 7. c3 Nbd7 8. h3
cxd4 9. exd4 Nb6 10. Nbd2 Bf5 11. Re1 Nbd5 12. Bh2 Qb6 13. Qb3 h6 14. Bc4 Qxb3
15. axb3 Be6 16. b4 Rfc8 17. Ra5 a6 18. Bd3 Rab8 19. Bxg6 fxg6 20. Rxe6 Kf7 21.
Re1 Nb6 22. b5 axb5 23. Rxb5 Nfd7 24. Ne4 Nc4 25. Nfd2 Nxd2 26. Nxd2 b6 27. Rb4
Ra8 28. Nc4 Ra6 29. Bxd6 Bf6 30. Be5 Bxe5 31. Nxe5+ Nxe5 32. Rxe5 Ra1+ 33. Kh2
Rc6 34. Kg3 Rf6 35. Reb5 Ra6 36. h4 h5 37. d5 Ke8 38. b3 Ra2 39. f3 Rf5 40. d6
Rxb5 41. Rxb5 exd6 42. Rxb6 Ke7 43. c4 Rc2 44. Rb5 Ke6 45. Rg5 Kf6 46. Rd5 Ke6
47. Rd3 Ke7 48. Kh3 Rc1 49. g4 Rg1 50. Kh2 Rc1 51. Kg3 Rb1 52. Kf4 hxg4 53. fxg4
Kf7 54. Kg5 Rb2 55. Rxd6 Rxb3 56. Rf6+ Ke7 57. Kxg6 1-0

[Event "29th Czech Open A 2018"]
[Site "Pardubice CZE"]
[Date "2018.07.21"]
[Round "2.107"]
[White "Peters, Tom"]
[Black "Krak, Tomas"]
[Result "0-1"]
[BlackTitle "FM"]
[WhiteElo "2130"]
[BlackElo "2268"]
[WhiteFideId "24694444"]
[BlackFideId "14903750"]
[EventDate "2018.07.20"]

1. e4 c5 2. Nf3 Nc6 3. d4 cxd4 4. Nxd4 Nf6 5. Nc3 d6 6. Bg5 e6 7. Qd2 a6 8.
O-O-O Bd7 9. f3 h6 10. Be3 b5 11. Nxc6 Bxc6 12. Ne2 Bb7 13. h4 Rc8 14. Kb1 Nd7
15. g4 Ne5 16. Nd4 d5 17. exd5 Bxd5 18. Be2 Nc4 19. Bxc4 bxc4 20. c3 Be7 21. g5
h5 22. Nf5 O-O 23. Bb6 Qe8 24. Qd4 f6 25. Nxe7+ Qxe7 26. Qe3 Qb7 27. Rh2 fxg5
28. Rg1 g4 29. fxg4 hxg4 30. Bd4 Be4+ 31. Kc1 Rf3 32. Qg5 Rcf8 33. Qxg4 Rf1+ 34.
Rxf1 Rxf1+ 35. Kd2 Bf5 36. Qg2 Qxb2+ 37. Ke3 Qc1+ 38. Qd2 Qb1 39. Ke2 Bg4+ 40.
Ke3 Rf3+ 0-1

[Event "29th Czech Open A 2018"]
[Site "Pardubice CZE"]
[Date "2018.07.21"]
[Round "2.108"]
[White "Meleshko, Vladimir"]
[Black "Horacek, Michal"]
[Result "1-0"]
[WhiteTitle "FM"]
[WhiteElo "2268"]
[BlackElo "2131"]
[WhiteFideId "14111055"]
[BlackFideId "332526"]
[EventDate "2018.07.20"]

1. e4 d6 2. d4 Nd7 3. Nc3 e5 4. Nf3 Ngf6 5. Bc4 Be7 6. O-O O-O 7. h3 c6 8. a4
Qc7 9. Re1 h6 10. Be3 Re8 11. Ba2 Nf8 12. d5 a5 13. Qe2 Ng6 14. Rad1 c5 15. Nd2
Rf8 16. Nc4 Ne8 17. Qh5 Kh7 18. Nb5 Qd8 19. Bb1 b6 20. c3 Rb8 21. Kh2 Rb7 22. g3
Nf6 23. Qe2 Qd7 24. Qf1 Nh5 25. f4 exf4 26. Bxf4 Nhxf4 27. gxf4 Nxf4 28. Qxf4
Qxh3+ 29. Kg1 Bg5 30. Qh2 Qg4+ 31. Qg2 Qh4 32. e5+ Kg8 33. Nbxd6 Bh3 34. Qe4
Qg3+ 35. Kh1 f5 36. exf6 gxf6 37. Rg1 1-0

[Event "29th Czech Open A 2018"]
[Site "Pardubice CZE"]
[Date "2018.07.21"]
[Round "2.109"]
[White "Subramanian, Aditya"]
[Black "Suleymanli, Aydin"]
[Result "1/2-1/2"]
[BlackTitle "FM"]
[WhiteElo "2124"]
[BlackElo "2266"]
[WhiteFideId "1718924"]
[BlackFideId "13413937"]
[EventDate "2018.07.20"]

1. Nf3 Nf6 2. d4 c5 3. d5 e6 4. c4 exd5 5. cxd5 d6 6. Nc3 g6 7. g3 Bg7 8. Bg2
O-O 9. O-O Re8 10. Bf4 a6 11. a4 Nh5 12. Bg5 Nf6 13. Qc1 Nbd7 14. Re1 Qc7 15.
Bh6 Bh8 16. h3 Rb8 17. a5 b5 18. axb6 Nxb6 19. e4 Nfd7 20. Bf1 c4 21. Qg5 Ne5
22. Nxe5 Bxe5 23. Qd2 Nd7 24. Ra4 Qb7 25. Rxc4 Qxb2 26. Rb1 Qxd2 27. Bxd2 Rxb1
28. Nxb1 f5 29. f4 Bg7 30. exf5 gxf5 31. Rc6 Bd4+ 32. Kh2 Nf6 33. Nc3 Kf7 34.
Bxa6 Bxa6 35. Rxa6 Bxc3 36. Ra7+ Re7 37. Rxe7+ Kxe7 38. Bxc3 Nxd5 39. Bd2 Ke6
40. Kg2 1/2-1/2

[Event "29th Czech Open A 2018"]
[Site "Pardubice CZE"]
[Date "2018.07.21"]
[Round "2.110"]
[White "Becker, Dirk"]
[Black "Chekletsov, Egor"]
[Result "1/2-1/2"]
[WhiteElo "2265"]
[BlackElo "2123"]
[WhiteFideId "12938564"]
[BlackFideId "24175315"]
[EventDate "2018.07.20"]

1. d4 Nf6 2. Bf4 c5 3. d5 b5 4. a4 b4 5. Nf3 Ba6 6. h3 Bc4 7. d6 exd6 8. Bxd6
Qb6 9. Bxf8 Kxf8 10. Nbd2 Ba6 11. c4 Qe6 12. e3 Bb7 13. Be2 g6 14. O-O Kg7 15.
b3 d5 16. cxd5 Bxd5 17. Qc2 Nbd7 18. Rac1 Rhd8 19. Qb2 Kg8 20. Rfe1 Rac8 21. Bf1
Ne4 22. Nxe4 Qxe4 23. Nd2 Qe5 24. Qc2 Nf6 25. Nc4 Qg5 26. Qb2 Ne4 27. f3 Nc3 28.
Qf2 Rc6 29. Rc2 Rf6 30. f4 Qf5 31. g4 Qe6 32. Rcc1 Qe7 33. h4 Re6 34. h5 gxh5
35. g5 Re8 36. Rc2 h6 37. Qg3 Ne4 38. Qh3 hxg5 39. Qxh5 gxf4 40. Qxd5 f3 41. Bg2
Qh4 42. Rf1 Rd8 43. Qf5 Rh6 44. Bxf3 Ng3 45. Qg4+ Qxg4 46. Bxg4 Nxf1 47. Kxf1
Rd3 48. Rb2 Rh1+ 49. Kg2 Rc1 50. Be2 Rdc3 51. Kf3 Rh1 52. Ke4 Rhc1 53. Kd5 R1c2
54. Rxc2 Rxc2 55. Bf1 Rc3 56. Na5 Rxe3 57. Kxc5 f5 58. Kxb4 f4 59. Nc4 Re1 60.
Nd2 Kg7 61. Bc4 Kf6 62. Ka5 Kf5 63. Ka6 Re7 64. a5 Rd7 65. Nf1 Ke4 66. b4 Kd4
67. Be2 Re7 68. Bf3 Kc4 69. b5 Re6+ 70. Bc6 Kb4 71. Nd2 Rh6 72. Nf3 Re6 73. Nd4
Rd6 74. Nf3 Re6 75. Nd2 Rh6 76. Nf3 Re6 77. Nd4 Rd6 78. Nc2+ Ka4 79. Nd4 Kb4 80.
Nc2+ Ka4 1/2-1/2

[Event "29th Czech Open A 2018"]
[Site "Pardubice CZE"]
[Date "2018.07.22"]
[Round "3.1"]
[White "Van Foreest, Jorden"]
[Black "Nasanjargal, Urtnasan"]
[Result "1/2-1/2"]
[WhiteTitle "GM"]
[BlackTitle "FM"]
[WhiteElo "2640"]
[BlackElo "2454"]
[WhiteFideId "1039784"]
[BlackFideId "4900774"]
[EventDate "2018.07.20"]

1. c4 Nf6 2. Nc3 g6 3. e4 d6 4. d4 Bg7 5. Nf3 O-O 6. Be2 e5 7. d5 a5 8. Bg5 h6
9. Be3 Ng4 10. Bd2 f5 11. h3 Nf6 12. exf5 gxf5 13. g4 f4 14. g5 hxg5 15. Qc2 Na6
16. Nxg5 Nb4 17. Qb1 Bd7 18. Rg1 Qc8 19. Ne6 Bxe6 20. Qg6 Ne8 21. dxe6 Rf6 22.
Qg2 Qxe6 23. Qxb7 Rd8 24. O-O-O f3 25. Bxf3 Qxc4 26. a3 d5 27. Be2 Na2+ 28. Kc2
Qc5 29. Be3 d4 30. Qb3+ Kh8 31. Qxa2 Rb8 32. Rg4 dxe3 33. Rdg1 Qf8 34. fxe3 Rfb6
35. Rh4+ Bh6 36. Kc1 Ng7 37. Qd5 Qf2 38. Rxh6+ Rxh6 39. Rg4 Qxe3+ 40. Kc2 Ne6
41. Bc4 Nd4+ 42. Kd1 Qf3+ 43. Qxf3 Nxf3 44. Rg3 Rd6+ 45. Kc1 Nd2 46. Bd5 c6 47.
Ba2 Rf8 48. Rg2 Nf3 49. Ne4 Rd4 50. Nc5 Ne1 51. Rg5 Nd3+ 52. Nxd3 Rxd3 53. Rxe5
Rf2 54. Rxa5 Rxh3 55. Ra8+ Kh7 56. Bb1+ Kg7 57. Ra7+ Kf8 58. Rh7 Re3 59. Rh8+
Ke7 60. Rh7+ Kd6 61. Rh6+ Kc7 62. Bc2 Re1+ 63. Bd1 Rg1 64. Rh7+ Kb6 65. Rh3 Rf5
66. Rb3+ Kc7 67. Rd3 Rd5 68. Rd2 Kd6 69. Kc2 Rxd2+ 70. Kxd2 Rg3 71. Bc2 Kd5 72.
Bf5 Kd4 73. Kc2 Re3 74. Bg6 Re7 75. Bd3 c5 76. Bf5 Re2+ 77. Kc1 Kc4 78. Bc2 Rh2
79. Kb1 Rf2 80. Kc1 Rf1+ 81. Kd2 Rh1 82. Ke2 Kd4 83. Kd2 Rg1 84. Bf5 Rg3 85. Kc2
Rg2+ 86. Kc1 Re2 87. Bg6 Re6 88. Bf5 Rh6 89. Kd2 Kc4 90. Bc2 Kd4 91. Bf5 Rd6 92.
Kc2 Kc4 93. b4 Rf6 94. Bh7 Rf2+ 95. Kd1 Rh2 96. Bg6 Rh6 97. Bf5 cxb4 98. axb4
Kxb4 99. Kd2 Kc4 100. Kc2 Rh2+ 101. Kb1 Kc3 102. Ka1 Kb3 103. Bb1 Re2 104. Bf5
Ra2+ 105. Kb1 Rf2 106. Be6+ Kc3 107. Ka1 Kc2 108. Ka2 Rf3 109. Bd5 Rg3 110. Be4+
Kc3 111. Ka1 Kb3 112. Bb1 Rg1 1/2-1/2

[Event "29th Czech Open A 2018"]
[Site "Pardubice CZE"]
[Date "2018.07.22"]
[Round "3.2"]
[White "Movsesian, Sergei"]
[Black "Kozak, Adam"]
[Result "1-0"]
[WhiteTitle "GM"]
[BlackTitle "IM"]
[WhiteElo "2635"]
[BlackElo "2446"]
[WhiteFideId "310204"]
[BlackFideId "753246"]
[EventDate "2018.07.20"]

1. Nf3 c5 2. e4 d6 3. d4 cxd4 4. Nxd4 Nf6 5. Nc3 a6 6. g3 e5 7. Nde2 Be7 8. a4
O-O 9. Bg2 Be6 10. O-O Nbd7 11. h3 Rc8 12. b3 Qc7 13. f4 exf4 14. gxf4 Nb8 15.
Kh1 Rfe8 16. Bb2 Bd7 17. Ng3 Bf8 18. Qd2 Bc6 19. Rae1 Nbd7 20. Nd1 b5 21. axb5
axb5 22. Nf2 Bb7 23. Re2 g6 24. Rd1 Re6 25. Ng4 Rce8 26. f5 Nxe4 27. Nxe4 Rxe4
28. Nh6+ Bxh6 29. Qxh6 f6 30. fxg6 Nf8 31. gxh7+ Qxh7 32. Qxh7+ Kxh7 33. Bxe4+
Rxe4 34. Rxe4 Bxe4+ 35. Kh2 Bxc2 36. Rxd6 Bxb3 37. Rxf6 Ne6 38. Kg3 Bc4 39. h4
b4 40. h5 b3 41. Rf7+ Kg8 42. h6 1-0

[Event "29th Czech Open A 2018"]
[Site "Pardubice CZE"]
[Date "2018.07.22"]
[Round "3.3"]
[White "Drozdowski, Kacper"]
[Black "Bernadskiy, Vitaliy"]
[Result "1-0"]
[WhiteTitle "IM"]
[BlackTitle "GM"]
[WhiteElo "2455"]
[BlackElo "2586"]
[WhiteFideId "1136720"]
[BlackFideId "14100371"]
[EventDate "2018.07.20"]

1. Nf3 g6 2. d4 Bg7 3. c4 d6 4. Nc3 Nf6 5. g3 O-O 6. Bg2 c6 7. O-O Bf5 8. Nh4
Be6 9. Qd3 d5 10. b3 Na6 11. Ba3 Re8 12. cxd5 Nxd5 13. Nxd5 cxd5 14. Rfc1 Qa5
15. Bb2 Rac8 16. a3 Nc5 17. Rxc5 Rxc5 18. b4 Qb5 19. dxc5 Qxd3 20. exd3 Bxb2 21.
Ra2 Bf6 22. Nf3 b6 23. c6 a6 24. d4 Rc8 25. Rc2 Bf5 26. Rc3 Bb1 27. Bf1 b5 28.
a4 Be4 29. axb5 axb5 30. Bxb5 Bxf3 31. Rxf3 Bxd4 32. Rd3 Bb6 33. Rxd5 Rd8 34.
Re5 e6 35. Be2 Bc7 36. Re3 Kf8 37. Ra3 Ke7 38. Ra7 Kd6 39. b5 Rb8 40. Kg2 e5 41.
h4 f5 42. h5 gxh5 43. Ra1 h4 44. Rd1+ Kc5 45. Rd7 Kb6 46. gxh4 Rg8+ 47. Kf1 h6
48. Rf7 f4 49. Bf3 Ra8 50. Be4 Ra7 51. Bd3 Bd8 52. Rf8 Bxh4 53. Rb8+ Kc7 54. Rh8
f3 55. Rh7+ Kb6 56. Rxa7 1-0

[Event "29th Czech Open A 2018"]
[Site "Pardubice CZE"]
[Date "2018.07.22"]
[Round "3.4"]
[White "Lodici, Lorenzo"]
[Black "Sengupta, Deep"]
[Result "1/2-1/2"]
[WhiteTitle "IM"]
[BlackTitle "GM"]
[WhiteElo "2441"]
[BlackElo "2565"]
[WhiteFideId "884189"]
[BlackFideId "5008352"]
[EventDate "2018.07.20"]

1. Nf3 Nf6 2. c4 g6 3. b3 Bg7 4. Bb2 O-O 5. g3 d6 6. d4 Nc6 7. Bg2 e5 8. dxe5
Ng4 9. O-O Ngxe5 10. Nxe5 Nxe5 11. Nc3 Rb8 12. Qd2 a6 13. Rad1 Be6 14. f4 Nd7
15. e4 f5 16. exf5 Bxf5 17. Rfe1 Nf6 18. Nd5 Bg4 19. Rc1 c6 20. Ne3 Qd7 21. Nxg4
Nxg4 22. Bxg7 Kxg7 23. Bh3 h5 24. Qd4+ Rf6 25. Re4 Re8 26. Rce1 Rxe4 27. Qxe4
Kf7 28. Bf1 Qd8 29. Re2 a5 30. Kg2 Nh6 31. Re1 Nf5 32. Bd3 Ng7 33. Qf3 Qb6 34.
Re4 Qd8 35. Re1 Qb6 36. Re4 Qd8 37. Re1 Qb6 1/2-1/2

[Event "29th Czech Open A 2018"]
[Site "Pardubice CZE"]
[Date "2018.07.22"]
[Round "3.5"]
[White "Vorobiov, Evgeny E."]
[Black "Neuman, Petr"]
[Result "1/2-1/2"]
[WhiteTitle "GM"]
[BlackTitle "GM"]
[WhiteElo "2564"]
[BlackElo "2440"]
[WhiteFideId "4121341"]
[BlackFideId "305243"]
[EventDate "2018.07.20"]

1. d4 d5 2. c4 c6 3. Nf3 Nf6 4. e3 g6 5. Nc3 Bg7 6. Be2 O-O 7. O-O dxc4 8. Bxc4
Bg4 9. h3 Bxf3 10. Qxf3 Nbd7 11. Rd1 e5 12. d5 e4 13. Nxe4 Nxe4 14. Qxe4 Nb6 15.
Rb1 Re8 16. Qc2 Nxc4 17. Qxc4 Re5 18. d6 Re6 19. d7 Qc7 20. Bd2 Rd8 21. Bc3 Rxd7
22. Bxg7 1/2-1/2

[Event "29th Czech Open A 2018"]
[Site "Pardubice CZE"]
[Date "2018.07.22"]
[Round "3.6"]
[White "Mozharov, Mikhail"]
[Black "Braeuer, Franz"]
[Result "0-1"]
[WhiteTitle "GM"]
[BlackTitle "IM"]
[WhiteElo "2542"]
[BlackElo "2426"]
[WhiteFideId "4189825"]
[BlackFideId "24634468"]
[EventDate "2018.07.20"]

1. d4 Nf6 2. c4 e6 3. Nc3 Bb4 4. e3 O-O 5. Bd3 c5 6. Nf3 cxd4 7. exd4 d5 8. O-O
dxc4 9. Bxc4 b6 10. Bg5 Bb7 11. Rc1 Be7 12. Re1 Nc6 13. a3 Rc8 14. Ba2 Nd5 15.
h4 Nxc3 16. Rxc3 h6 17. Be3 Bf6 18. Qd3 Ne7 19. Bb1 Nf5 20. Rxc8 Qxc8 21. Qe2
Qc6 22. Bxf5 exf5 23. Bf4 Bxd4 24. Rc1 Qg6 25. Rc7 Be4 26. Rxa7 Qg4 27. Be3 Bxb2
28. Bxb6 Rb8 29. Bc7 Rb3 30. Bg3 Bc3 31. Qc4 Rb1+ 32. Kh2 Bxf3 33. Qxc3 Rh1+ 0-1

[Event "29th Czech Open A 2018"]
[Site "Pardubice CZE"]
[Date "2018.07.22"]
[Round "3.8"]
[White "Babula, Vlastimil"]
[Black "Matviishen, Viktor"]
[Result "1/2-1/2"]
[WhiteTitle "GM"]
[BlackTitle "IM"]
[WhiteElo "2533"]
[BlackElo "2423"]
[WhiteFideId "301264"]
[BlackFideId "14129850"]
[EventDate "2018.07.20"]

1. d4 Nf6 2. c4 e6 3. Nc3 Bb4 4. e3 O-O 5. Ne2 d5 6. a3 Be7 7. cxd5 exd5 8. Nf4
c6 9. Bd3 Re8 10. O-O Nbd7 11. f3 Nf8 12. Bc2 Ng6 13. e4 Nxf4 14. Bxf4 Be6 15.
e5 Nd7 16. Be3 Nf8 17. f4 f5 18. b4 b5 19. Qb1 g6 20. a4 a5 21. axb5 axb4 22.
Rxa8 Qxa8 23. Na4 Rb8 24. bxc6 Qxc6 25. Bb3 Nd7 26. Rc1 Qb5 27. Qc2 Kf7 28. Kf2
Ra8 29. Qc6 Qa5 30. Qc7 Qb5 31. Qc6 Qa5 32. Qc7 Qb5 33. Qc6 Qa5 1/2-1/2